000 01822cam a22004574i 4500
003 PE-LiUPU
005 20250731173005.0
008 150623s r 000 0 d
020 _a0801058090
035 _a(Sirsi) i9780801058097
040 _aPE-LiUPU
_bspa
_cPE-LiUPU
_erda
049 _aPRUA
082 0 4 _a236.909
_bK99
_221
100 1 _aKyle, Richard G.,
_eautor.
245 1 4 _aThe last days are here again :
_ba history of the end times /
_cRichard Kyle.
264 1 _aGrand Rapids, Michigan :
_bBaker Books,
_c1998.
300 _a255 páginas ;
_c23 centímetros
336 _atext
_2rdacontent
337 _aunmediated
_2rdamedia
338 _avolume
_2rdacarrier
504 _aIncluye bibliografía.
505 0 _aThe End is Upon Us.- apocalypse Postponed: Early Christianity.- The Slumbering apocalypse: Medieval Christianity.- The On-again, Off-Again apocalypse: The Reformation and Beyond.- america and the Great Millennial Hope.- Rapture Fever; The Doom Goom Has Arrived.- eager for the End: Messiahs and Prophets.- The End Wirhout God: The Secular apocalypse.- 2ooo and a Few Afterthoughts.
526 _aSEG42
526 _aSEG41
526 _aSEG40
526 _aSEG39
526 _aP94
526 _aP87
526 _aP86
526 _aP85
526 _aP77
526 _aP76
526 _aP35
650 0 4 _aFin del mundo
_xHistoria de las doctrinas.
942 _2ddc
_cBOOK
949 _a236.909 K99
_wDEWEY
_c1
_i45684
_lCCODEBUL1
_mBUL
_r0
_sY
_tBOOK
_u2015-6-24
_xTEOLOGIA
_PP35
_0COMPRA
_o.STAFF. Colección General
994 _aC0
_bPEPRU
596 _a1
999 _a236.909 K99
_wDEWEY
_c22562
_i45684
_f2021-11-11
_g5
_lCCODEBUL1
_mBUL
_r0
_sY
_tBOOK
_u2015-6-24
_xTEOLOGIA
_PP35
_0COMPRA
_o.STAFF. Colección General
_d22562
980 _81
_gALBERTO SANCHEZ Responsable de Automatización